Statistics for NBA Greatest Players Who played for Michigan State Spartans

Click here to take the quiz!

General Stats

  • This quiz has been taken 45 times
  • The average score is 7 of 15

Answer Stats

NBA Teams Played ForPosAnswer% Correct
GSWPFDraymond Green
95%
LALPGMagic Johnson
92%
NYK,BAL,SDR,PHI & CINPFJohnny Green
84%
MEMPFJaren Jackson Jr.
51%
CHISGDenzel Valentine
51%
POR,NYK,LAC,MEM & SACPFZach Randolph
49%
CHASFMiles Bridges
49%
DENSGGary Harris
49%
GSW,CHA,PHO,ORL & PHISGJason Richardson
35%
TOR,NOH & OKCSGMorris Peterson
30%
MIL,IND,ORL,WAS & PHIPGScott Skiles
27%
MIA,ATL,POR,SAS,NOH & CHASGSteve Smith
22%
SEA,PHI & CLEPGEric Snow
19%
DAL,WAS,DEN,SAS,PHI & LALSFJay Vincent
16%
ATL,MIA,GSW,HOU,TOR,DEN,SAS & DALPFKevin Willis
11%

Score Distribution

Percentile by Number Answered

Percent of People with Each Score

Your Score History

You have not taken this quiz